Chansons françaises par paroles commençant par R - Statistiques

Statistiques générales
  • Ce quiz a été pris 121 fois
  • Le résultat moyen est 7 sur 20
Statistiques - réponses
Hint Réponse % Correct
Passement de jambe, crochet à gauche à droite Kylian Mbappé Accélération, virgule, petit pont frappe Kylian Mbappé J’sais plus si j’suis gaucher ou droitier, j’tire des deux pieds Ousmane Dembélé Ramenez la coupe à la maison
89%
Nous on fait l'amour on vit la vie Jour après jour nuit après nuit À quoi ça sert d'être sur la terre Si c'est pour faire nos vies à genoux On sait qu'le temps c'est comme le vent De vivre y a qu'ça d'important Les rois du monde
63%
Comme ________ en Galilée Suivaient des yeux l'étoile du berger Je te suivrai où tu iras j'irai Fidèle comme une ombre jusqu'à destination Les rois mages
63%
On a tous dans l'cœur le ticket pour Liverpool Sortie d'scène hélicoptère pour échapper à la foule Excuse me Sir mais j'entends plus Big Ben qui sonne Des scarabées bourdonnent, c'est la folie à London Rockollection
54%
Un matin suspendu Aux fleurs de ton jardin Ma main sur ton p'tit cul Cherche le chemin Un matin suspendu Aux fleurs de ton jardin Ma main sur ton p'tit cul Rayon de soleil
51%
________, toi et moi
Rien qu’une nuit, je t’en prie
________, toi et moi
Peut-être pour la vie
Rien qu'une fois
42%
Mon ciel c'était Ses yeux sa bouche Ma vie c'était Son corps son cœur Je l'aimais tant Que pour la garder Je l'ai tuée Requiem pour un fou
39%
Quatre consonnes et trois voyelles
C'est le prénom de ________
Je le murmure à mon oreille
Et chaque lettre m'émerveille
C'est le tréma qui m'ensorcelle
Raphaël
35%
Le jour se lève La vie reprend Faut remplir la gamelle Mais tout en souriant Les proches appellent Ils prennent des nouvelles Mon sourire leur ment Rien n’est plus comme avant Roule
34%
Je vends ma carte chance Et je puise dans la caisse On a bien mérité De toucher une avance Si c'est pour rendre la caisse à la communauté Rue de la paix
33%
Tant de liberté Pour si peu de bonheur Est-ce que ça vaut la peine Si on veut t'amener À renier tes erreurs C'est pas pour ça qu'on t'aime Résiste
32%
Et je remettrai de l'ombre sur mes paupières Je te sourirai sans larmes et sans prières Et s'il ne reste plus rien, oh du tout Et que tout tourne tourne tourne autour de nous Je t'écrirai une chanson pas comme les autres Et si tout tourne tourne tourne ce s'ra la nôtre Recommence-moi
29%
Mais tu iras où, où, où Si jamais je m’en vais Ça m’rendrait eh, eh, eh Si jamais tu partais Mais tu iras où, où, où Si jamais je m’en vais Ça m’rendrait eh, eh, eh Si jamais tu partais Reste
26%
Il y aura les jours avec et les jours sans Les amis qui retourneront leur veste en un rien d’temps Les jours de peine qui nous enchaînent et les tourments Les amours chiennes Riche
26%
Et toi où es-tu dans l’espace
Attends je n’entends plus je passe
Dans un tunnel d’astéroïdes
Tu disais avant le trou noir
Que tu n’irais pas voir ce soir
Ta sœur et son mari droïde
Rue des étoiles
26%
Souvent sa nuque frôle le dance-floor, on croit qu'elle flanche mais elle s'en sort Le rythme de son cœur s'aligne aux stroboscopes et bat un peu plus fort Elle veut pas s'asseoir, elle veut s'oublier Elle veut qu'on la drague, qu'on la regarde et qu'on la fasse tourner Elle veut pas s'asseoir, ça a trop duré L'immobilité forcée, ce soir la vie va recommencer Respire encore
21%
Je suis arrivé un beau matin du mois de mai Avec à la main les beignets qu’ma mère m’avait faits Ils m’ont demandé mon nom mon métier Mais quand fier de moi j’ai dit artiste de variété À ce moment-là je n’sais pas pourquoi J’ai entendu rire un type que je n'connaissais pas Le rire du sergent
15%
Tu sais ________ La vie fait des erreurs Bats-toi seulement pour le meilleur Bats-toi c'est vrai ________ Mais chaque seconde de bonheur Te donne le goût de vivre Encore plus fort Rien n'est parfait
14%
Combien de jours, combien de joies
C'est pas très grave si on n'sait pas
Puisqu'une seconde à tes côtés
Vaut bien des années
Combien de jours, combien de gens
Diront qu'on s'aime obstinément
Mais ça m'amuse ma muse
On n'est pas près de faner
Rétine
10%
Je dors avec j'en rêve la nuit Ils sont ma Mecque ma seule folie Quand j'les vois sous toutes leurs facettes Taillés en rose ou en navette J'ai comme un frisson dans le dos C'est mon point faible c'est mon credo La rockeuse de diamants
4%
Aucun quiz correspondant
Distribution des résultats
% des personnes avec chaque résultat
Percentile par nombre de réponses
Votre historique - résultats
Vous n’avez pas pris ce quiz